Electrotecnia industrial / (Record no. 89829)

MARC details
000 -LEADER
campo de control de longitud fija 00678nam a2200205 i 4500
001 - NÚMERO DE CONTROL
campo de control 89829
003 - IDENTIFICADOR DE NÚMERO DE CONTROL
campo de control ES-MaACL
005 - FECHA Y HORA DE LA ÚLTIMA TRANSACCIÓN
campo de control 20230906180300.0
007 - CAMPO FIJO DE DESCRIPCIÓN FÍSICA--INFORMACIÓN GENERAL
campo de control de longitud fija t|
008 - DATOS DE LONGITUD FIJA--INFORMACIÓN GENERAL
campo de control de longitud fija 050114s1979 sp ||||1| spa d
100 1# - ENTRADA PRINCIPAL--NOMBRE DE PERSONA
Nombre de persona Lauster, Franz.
9 (RLIN) 70659
245 10 - MENCIÓN DEL TÍTULO
Título Electrotecnia industrial /
Mención de responsabilidad, etc. Franz Lauster ; bajo la dirección de F. Moeller ; traducido por Francisco Hernández y Enrique Reina Reina.
260 ## - PUBLICACIÓN, DISTRIBUCIÓN, ETC.
Lugar de publicación, distribución, etc. Bilbao :
Nombre del editor, distribuidor, etc. Urmo,
Fecha de publicación, distribución, etc. [1979]
300 ## - DESCRIPCIÓN FÍSICA
Extensión 339 p. :
Otras características físicas il. ;
Dimensiones 25 cm.
650 #4 - PUNTO DE ACCESO ADICIONAL DE MATERIA--TÉRMINO DE MATERIA
Término de materia o nombre geográfico como elemento de entrada Electrotecnia.
9 (RLIN) 12169
700 1# - ENTRADA AGREGADA--NOMBRE PERSONAL
Nombre de persona Moeller, Franz.
9 (RLIN) 81764
700 1# - ENTRADA AGREGADA--NOMBRE PERSONAL
Nombre de persona Hernández, Francisco.
9 (RLIN) 62814
700 1# - ENTRADA AGREGADA--NOMBRE PERSONAL
Nombre de persona Reina Reina, Enrique.
9 (RLIN) 96036
852 ## - LOCALIZACIÓN
Ubicación ES-MaACL
Número de control de estantería L-72
Sublocalización o colección R.100782
Holdings
Estatus retirado Estado de pérdida Estado de daño No para préstamo Biblioteca de origen Biblioteca actual Ubicación en estantería Fecha de adquisición Fuente de adquisición Total de préstamos Signatura topográfica completa Código de barras Visto por última vez Precio de reemplazo Tipo de ítem Koha
        Biblioteca del Ateneo de Madrid Biblioteca del Ateneo de Madrid Depósito 2 17/01/2008     L-72 1093811 23/02/2023 23/02/2023 Libro impreso